| 000 | 00755pam a2200253 a 4500 | ||
|---|---|---|---|
| 001 | 2030144 | ||
| 005 | 20250129211816.0 | ||
| 008 | 920505s1993 paua 001 0 eng c | ||
| 020 |
_a9780874344905 _c$34.95 |
||
| 050 | 0 | 0 |
_aRC55 _b.D558 1992 |
| 082 | 0 | 0 |
_a616 _220 |
| 245 | 0 | 0 | _aDiseases. |
| 260 |
_aSpringhouse, Pa. : _bSpringhouse Corp., _cc1993. |
||
| 300 |
_aviii, 1208 p. : _bill. ; _c24 cm. |
||
| 500 | _aIncludes index. | ||
| 650 | 0 |
_aDiseases _xHandbooks, manuals, etc. |
|
| 650 | 0 |
_aNursing _xHandbooks, manuals, etc. |
|
| 650 | 2 |
_aDisease _xhandbooks. |
|
| 650 | 2 |
_aDisease _xnurses' instruction. |
|
| 650 | 2 |
_aNursing Care _xhandbooks. |
|
| 650 | 2 |
_aNursing Process _xhandbooks. |
|
| 710 | 2 | _aSpringhouse Corporation. | |
| 942 |
_2lcc _cBK _n0 |
||
| 999 |
_c3247 _d3247 |
||